00766cam a2200169 a 4500020001500000040000800015082002600023245006500049260012700114300004100241490006800282500016100350650002700511650001200538700001900550700002700569 a9027721017 cDLC00a551 SOL 1985 A025 Or.14aThe Deep Proterozoic crust in the North Atlantic provinces / aDordrecht ;aBoston :bD. Reidel Pub. Co. ;aHingham, MA :bSold and distributed in the U.S.A. by Kluwer Academic,cc1985. axiii, 603 p. :bill., maps ;c25 cm.1 aNATO ASI series. Series C, Mathematical and physical sciences ; a"Proceedings of the NATO Advanced Study Institute on the Deep Proterozoic Crust in the North Atlantic Provinces, Moi, Norway, 16-30 July, 1984"--T.p. verso. 0aGeology, Stratigraphic 0aGeology1 aTobi, Alex C.,1 aTouret, Jacques L. R.,